000
00329 a2200109 4500
001
ART_3179
005
20260410161712.0
008
260409a
245
1
0
_a
El crecimiento sindical bajo el peronismo
100
1
_a
Doyon, Louise
773
0
_t
Desarrollo económico
_g
- Vol. 15, Nº 57 (abr./jun. 1975)
_w
REV1174
999
_c
16215
_d
16215